000 00434nam a22001697a 4500
003 CEME
005 20210628205103.0
008 210120b xxu||||| |||| 00| 0 eng d
040 _cceme
082 _a547 YOU
100 _aMuhammad Younas
_915524
245 _aA textbook of organic chemistry
260 _aRAWALPINDI
_bNATIONAL BOOK FOUNDATION
_c2007
300 _a647 P
650 _aORGANIC CHEMISTRY
_961219
942 _cBK
_2ddc
999 _c579452
_d579452